Memoria: Seminario sobre Análisis de las Políticas del Sector Agropecuario y su Vinculación con la Situación de la Mujer Campesina /
Gardado en:
| Autores Corporativos: | , |
|---|---|
| Formato: | Texto |
| Publicado: |
San José:
MIDEPLAN. IDA
|
| Etiquetas: |
Engadir etiqueta
Sen Etiquetas, Sexa o primeiro en etiquetar este rexistro!
|
MARC
| LEADER | 00000 a a2200000 04500 | ||
|---|---|---|---|
| 001 | 14223 | ||
| 003 | |||
| 040 | |||
| 090 | |a 021002 | ||
| 110 | |a Costa Rica. Secretaría Ejecutiva Planificación Sectorial de Desarrollo Agropecuario y Recursos Naturales | ||
| 245 | |a Memoria: Seminario sobre Análisis de las Políticas del Sector Agropecuario y su Vinculación con la Situación de la Mujer Campesina / |c Costa Rica. Secretaría Ejecutiva Planificación Sectorial de Desarrollo Agropecuario y Recursos Naturales | ||
| 260 | |a San José: |b MIDEPLAN. IDA | ||
| 300 | |a 279 p. + anexo | ||
| 710 | |a Instituto de Desarrollo Agrario (Costa Rica) | ||
| 999 | |c 10294 |d 10294 | ||
